Trafficking : (Record no. 126022)

MARC details
000 -LEADER
fixed length control field 00757nam a22002297a 4500
005 - DATE AND TIME OF LATEST TRANSACTION
control field 20170124110003.0
010 ## - LIBRARY OF CONGRESS CONTROL NUMBER
LC control number B-217075
020 ## - INTERNATIONAL STANDARD BOOK NUMBER
Terms of availability 00.00
International Standard Book Number 9788184350159
035 ## - SYSTEM CONTROL NUMBER
System control number B-217075
037 ## - SOURCE OF ACQUISITION
Source of stock number/acquisition Cen Lib/Ret
040 ## - CATALOGING SOURCE
Original cataloging agency DPL
Language of cataloging EN
082 ## - DEWEY DECIMAL CLASSIFICATION NUMBER
Classification number 362.7
Item number YAD
100 ## - MAIN ENTRY--PERSONAL NAME
Personal name Yadav, K P
9 (RLIN) 16330
245 ## - TITLE STATEMENT
Title Trafficking :
Statement of responsibility, etc by K P Yadav
Remainder of title an emerging social problem /
260 ## - PUBLICATION, DISTRIBUTION, ETC. (IMPRINT)
Place of publication, distribution, etc New Delhi
Name of publisher, distributor, etc Adhyayan Publishers
Date of publication, distribution, etc 2006
270 ## - ADDRESS
Address 4378/4 B, 105, J. M. D. House, Murari Lal Street, Ansari Road, Darya Ganj
City New Delhi
Postal code 110059
300 ## - PHYSICAL DESCRIPTION
Extent viii,312p.
Dimensions 22cm(Hb)
500 ## - GENERAL NOTE
General note Includes index
650 ## - SUBJECT ADDED ENTRY--TOPICAL TERM
Topical term or geographic name as entry element Sexually abused children--Government policy
9 (RLIN) 16331
650 ## - SUBJECT ADDED ENTRY--TOPICAL TERM
Topical term or geographic name as entry element Child sexual abuse
9 (RLIN) 16332
942 ## - ADDED ENTRY ELEMENTS (KOHA)
Source of classification or shelving scheme Dewey Decimal Classification
Koha item type English Books
Classification part 362.7
Call number suffix YAD
Holdings
Withdrawn status Lost status Damaged status Not for loan Home library Current library Date acquired Source of acquisition Cost, normal purchase price Total Checkouts Full call number Barcode Date last seen Date checked out Copy number Cost, replacement price Price effective from Koha item type
        Central Library Central Library 24/06/2015 Cen Lib/Ret 0.00 7 362.7 YAD B-217075 04/10/2022 29/09/2022 1 0.00 24/06/2015 English Books

© Delhi Public Library
Hit Counter
free hit counter